00350nam a2200121Ia 4500008004100000100006400041245002600105260004400131300001000175650002100185942000700206999001500213190216s9999||||xx |||||||||||||| ||und|| aCarl Hamacher V Zvonko G Vranesic Safwat G Zaky 0aComputer Organization bTata Mcgraw Hill Publishing Company Ltd a555 p aComputer Science cBK c8683d8683